<?xml version="1.0" encoding="UTF-8"?>
<record
    xmlns:xsi="http://www.w3.org/2001/XMLSchema-instance"
    xsi:schemaLocation="http://www.loc.gov/MARC21/slim http://www.loc.gov/standards/marcxml/schema/MARC21slim.xsd"
    xmlns="http://www.loc.gov/MARC21/slim">

  <leader>01860nam a22003137a 4500</leader>
  <datafield tag="999" ind1=" " ind2=" ">
    <subfield code="c">21842</subfield>
    <subfield code="d">21842</subfield>
  </datafield>
  <controlfield tag="003">AR-CdUCM</controlfield>
  <controlfield tag="008">190425b           ||||| |||| 00| 0 spa d</controlfield>
  <datafield tag="040" ind1=" " ind2=" ">
    <subfield code="a">MUNICIPALIDAD PROVINCIAL DEL CUSCO</subfield>
    <subfield code="c">BIBLIOTECA MUNICIPAL DEL CUSCO</subfield>
  </datafield>
  <datafield tag="082" ind1=" " ind2=" ">
    <subfield code="a">Rev.Andi/N&#xB0;20/1992</subfield>
  </datafield>
  <datafield tag="110" ind1=" " ind2=" ">
    <subfield code="a">Centro Bartolom&#xE9; de Las Casas</subfield>
    <subfield code="9">3293</subfield>
  </datafield>
  <datafield tag="245" ind1=" " ind2=" ">
    <subfield code="a">Revista andina /</subfield>
    <subfield code="c">Centro de estudios rurales andinos Bartolom&#xE9; de Las Casas Cusco</subfield>
  </datafield>
  <datafield tag="260" ind1=" " ind2=" ">
    <subfield code="a">Cusco :</subfield>
    <subfield code="b">Centro Bartolom&#xE9; de Las Casas,</subfield>
    <subfield code="c">1992.</subfield>
  </datafield>
  <datafield tag="300" ind1=" " ind2=" ">
    <subfield code="a">279-563 p&#xE1;ginas. :</subfield>
    <subfield code="c">23 cm.</subfield>
  </datafield>
  <datafield tag="440" ind1=" " ind2=" ">
    <subfield code="a">Publicaci&#xF3;n Semestral del Centro Bartolom&#xE9; de Las Casas Cusco.</subfield>
    <subfield code="n">A&#xF1;o 10, N&#xFA;mero 20, N&#xB0;2, Segundo semestre 1992.</subfield>
    <subfield code="9">46381</subfield>
  </datafield>
  <datafield tag="505" ind1=" " ind2=" ">
    <subfield code="a">Contenido: La fiesta del carnaval postcolonial en Oruro clase, etnicidad y nacionalismo en la danza folkl&#xF3;rica. Thomas Abercrombie. -- Los bailes de los indios y el proyecto colonial. Juan Carlos Estenssoro Fuchs. -- Las zampo&#xF1;as del conjunto de Kantu y el debate sobre la funci&#xF3;n de la segunda hilera de tubos datos etnogr&#xE1;ficos y an&#xE1;lisis semi&#xF3;tico. Andr&#xE9; Langevin. -- Del esencialismo a lo esencial pragm&#xE1;tica y significado de la interpretaci&#xF3;n de los Sikuri pune&#xF1;os en Lima. Thomas Turino. -- Continuidad y cambio interpretaci&#xF3;n de la decoraci&#xF3;n de una vasija Nazca. Mar&#xED;a Concepci&#xF3;n Blasco Bosqued. -- Ling&#xFC;&#xED;stica mapuche, gu&#xED;a bibliogr&#xE1;fica. Adalberto Salas.</subfield>
  </datafield>
  <datafield tag="650" ind1=" " ind2=" ">
    <subfield code="a">Cultura Nazca</subfield>
    <subfield code="9">45200</subfield>
  </datafield>
  <datafield tag="650" ind1=" " ind2=" ">
    <subfield code="a">Folklore</subfield>
    <subfield code="9">46382</subfield>
  </datafield>
  <datafield tag="650" ind1=" " ind2=" ">
    <subfield code="a">M&#xFA;sica andina</subfield>
    <subfield code="9">22217</subfield>
  </datafield>
  <datafield tag="650" ind1=" " ind2=" ">
    <subfield code="a">Ling&#xFC;&#xED;stica Mapuche</subfield>
    <subfield code="9">46383</subfield>
  </datafield>
  <datafield tag="700" ind1=" " ind2=" ">
    <subfield code="a">Abercrombie, Thomas </subfield>
    <subfield code="9">46384</subfield>
  </datafield>
  <datafield tag="700" ind1=" " ind2=" ">
    <subfield code="a">Estenssoro Fuchs, Juan Carlos</subfield>
    <subfield code="9">3603</subfield>
  </datafield>
  <datafield tag="700" ind1=" " ind2=" ">
    <subfield code="a">Langevin, Andr&#xE9;</subfield>
    <subfield code="9">46352</subfield>
  </datafield>
  <datafield tag="700" ind1=" " ind2=" ">
    <subfield code="a">Turino, Thomas</subfield>
    <subfield code="9">46385</subfield>
  </datafield>
  <datafield tag="700" ind1=" " ind2=" ">
    <subfield code="a">Blasco Bosqued, Mar&#xED;a Concepci&#xF3;n</subfield>
    <subfield code="9">46386</subfield>
  </datafield>
  <datafield tag="700" ind1=" " ind2=" ">
    <subfield code="a">Salas, Adalberto</subfield>
    <subfield code="9">46387</subfield>
  </datafield>
  <datafield tag="942" ind1=" " ind2=" ">
    <subfield code="2">ddc</subfield>
    <subfield code="c">PP</subfield>
  </datafield>
  <datafield tag="945" ind1=" " ind2=" ">
    <subfield code="a">rac</subfield>
  </datafield>
  <datafield tag="952" ind1=" " ind2=" ">
    <subfield code="0">0</subfield>
    <subfield code="2">ddc</subfield>
    <subfield code="4">0</subfield>
    <subfield code="7">0</subfield>
    <subfield code="a">HEM</subfield>
    <subfield code="b">HEM</subfield>
    <subfield code="c">CART</subfield>
    <subfield code="d">2021-08-23</subfield>
    <subfield code="g">10.00</subfield>
    <subfield code="o">Rev.Andi/N&#xB0;20/1992</subfield>
    <subfield code="p">REVC000317</subfield>
    <subfield code="r">2021-08-23</subfield>
    <subfield code="y">PP</subfield>
  </datafield>
  <datafield tag="952" ind1=" " ind2=" ">
    <subfield code="0">0</subfield>
    <subfield code="2">ddc</subfield>
    <subfield code="4">0</subfield>
    <subfield code="7">0</subfield>
    <subfield code="a">HEM</subfield>
    <subfield code="b">HEM</subfield>
    <subfield code="c">CART</subfield>
    <subfield code="d">2021-08-23</subfield>
    <subfield code="g">10.00</subfield>
    <subfield code="o">Rev.Andi/N&#xB0;20/1992/e.2</subfield>
    <subfield code="p">REVC000318</subfield>
    <subfield code="r">2021-08-23</subfield>
    <subfield code="y">PP</subfield>
  </datafield>
</record>
